| 000 | 00849nam a2200205Ia 4500 | ||
|---|---|---|---|
| 003 | GCL | ||
| 008 | 140319s9999 xx 000 0 ara d | ||
| 020 | _a1187505977 | ||
| 040 |
_aGCL / _cGCL |
||
| 082 | 0 | 4 |
_a953.071 _bع ح |
| 100 | 1 | _aعبدالمحسن طه رمضان | |
| 245 | 1 | 0 |
_aالحروب الصليبية فى الاندلس : _bميلادها وتطورها حتى القرن العاشر مع دراسة نقدية لمصادرها العربية والاسبانية / _cعبدالمحسن طه رمضان |
| 260 |
_aالقاهرة : _bمكتبة الانجلوالمصرية ، _c2001 |
||
| 300 |
_a674 ص ؛ _c30 سم |
||
| 650 | 0 | 4 | _aالعرب فى اسبانيا |
| 650 | 0 | 4 | _aفتح الاندلس |
| 650 | 0 | 4 | _aالاندلس - تاريخ |
| 650 | 0 | 4 | _aالحروب الصليبية فى الاندلس |
| 942 |
_2ddc _cBK |
||
| 999 |
_c3272 _d3272 |
||